000 00330 a2200157 4500
001 183209
020 _a
040 _cMagnum
100 _aBanco do Estado de Minas Gerais
240 1 0 _aBemge em serenata
_lpor
245 1 0 _aBemge em serenata
300 _a519
362 0 _a1993
697 _aMÚSICA POPULAR
942 _cBK
999 _c183209
_d183209